الإنتماء والتنمية في الريف المصري / (Record no. 6588)
[ view plain ]
| 000 -الفاتح | |
|---|---|
| حقل البيانات ثابتة الطول | 00643nac a22001571u 4500 |
| 008 - عناصر البيانات ثابتة الطول - معلومات عامة | |
| حقل البيانات ثابتة الطول | 090119s19931994xxu||||| |||| 00| 0 ara d |
| 020 ## - الرقم الدولى المعيارى للكتب | |
| الرقم الدولى المعيارى للكتاب | 9775337100 (ج 2) |
| 082 ## - رقم تصنيف ديوى العشرى | |
| رقم التصنيف | 301.4443962 |
| رقم المادة | ر ا ف |
| 245 ## - بيان العنوان | |
| العنوان | الإنتماء والتنمية في الريف المصري / |
| بيان المسئوليه,etc | علياء رضاه رافع |
| 260 ## - PUBLICATION, DISTRIBUTION, ETC. (IMPRINT) | |
| مكان الناشر او الموزع | الإسكندرية : |
| اسم الناشر او الموزع | دار صادق ،1994 |
| تاريخ النشر أو التوزيع | 1994. |
| 300 ## - الوصف المادى | |
| التعداد | 2 مج ؛ |
| أبعاد الوعاء | 24 سم. |
| 504 ## - تبصرة ببليوجرافية | |
| تبصرة ببليوجرافية,الخ | يشتمل على ببليوجرافية ص 167-176 |
| 505 ## - تبصرة محتويات-الفهرس | |
| تبصرة المحتويات المصاغة | ج 1. الجذور -- ج 2 . الحصاد |
| 541 ## - تبصرة المصدر المباشر للتزويد | |
| مصدر التزويد | إهداء ؛ |
| طريقة التزويد | دكتورة علياء رضاه رافع ؛ |
| 942 ## - عناصر المدخل الإضافي( كوها) | |
| Koha [default] item type | Book - Borrowing |
| سابقة رقم الطلب | 301.4443962 ر ا ف |
| مصدر التصنيف او مخطط الترفيف | Dewey Decimal Classification |
| حالة التراجع | حالة الفقد | مصدر التصنيف او خطة الترفيف | حالة تلف | ليس للاعارة | مجموعات كوها | المكان الدائم | المكان الحالي | موقع الترفيف | تاريخ الاكتساب | Source of acquisition | رقم الاستدعاء | الباركود | Date last seen | نوع الوعاء | تبصرة عامة | تحديد مواد ( مجلدات مجمعه أو جزء أخر) |
|---|---|---|---|---|---|---|---|---|---|---|---|---|---|---|---|---|
| Dewey Decimal Classification | Donation-Gift | Central Library | Central Library | First floor | 09/01/2011 | Donation | 301.4443962 ر ا ف | 000008069 | 15/07/2025 | Book - Borrowing | ج1 | |||||
| Dewey Decimal Classification | Donation-Gift | Central Library | Central Library | First floor | 09/01/2011 | Donation | 301.4443962 ر ا ف | 000008067 | 15/07/2025 | Book - Borrowing | ج1 | |||||
| Dewey Decimal Classification | Donation-Gift | Central Library | Central Library | First floor | 19/01/2009 | Donation | 301.4443962 ر ا ف | 000008076 | 15/07/2025 | Book - Borrowing | ج2 | |||||
| Dewey Decimal Classification | Damaged | Donation-Gift | Central Library | Central Library | First floor | 09/01/2011 | Donation | 301.4443962 ر ا ف | 000008077 | 24/08/2016 | Book - Borrowing | ج 2 | BOX01 |